The magic & romance of art dolls / (Record no. 26616)

000 -LEADER
fixed length control field 01397cam a2200385 a 4500
001 - CONTROL NUMBER
control field 3807822
005 - DATE AND TIME OF LATEST TRANSACTION
control field 20170206082359.0
008 - FIXED-LENGTH DATA ELEMENTS--GENERAL INFORMATION
fixed length control field 870901s1986 caua b 001 0 eng
010 ## - LIBRARY OF CONGRESS CONTROL NUMBER
LC control number 85080880
020 ## - INTERNATIONAL STANDARD BOOK NUMBER
International Standard Book Number 0935363009
043 ## - GEOGRAPHIC AREA CODE
Geographic area code n-us-ca
050 00 - LIBRARY OF CONGRESS CALL NUMBER
Classification number NK4892.5 .F37F38 1986
100 1# - MAIN ENTRY--PERSONAL NAME
Personal name Farago, Stephanie.
245 14 - TITLE STATEMENT
Title The magic & romance of art dolls /
Statement of responsibility, etc. text, illustration, and design by Stephanie Farago ; photography by Bob Dennison.
250 ## - EDITION STATEMENT
Edition statement 1st ed.
260 ## - PUBLICATION, DISTRIBUTION, ETC. (IMPRINT)
Place of publication, distribution, etc. Los Angeles, Calif. :
Name of publisher, distributor, etc. Farago Publications,
Date of publication, distribution, etc. 1986.
300 ## - PHYSICAL DESCRIPTION
Extent 222 p. :
Other physical details ill. ;
Dimensions 32 cm.
500 ## - GENERAL NOTE
General note "Additional acknowledgements" (1 sheet ; 14 x 11 cm.) inserted.
500 ## - GENERAL NOTE
General note Includes index.
504 ## - BIBLIOGRAPHY, ETC. NOTE
Bibliography, etc Bibliography: p. 222.
600 10 - SUBJECT ADDED ENTRY--PERSONAL NAME
Personal name Farago, Stephanie
General subdivision Art collections.
600 10 - SUBJECT ADDED ENTRY--PERSONAL NAME
Personal name Farago, Fred
General subdivision Art collections.
650 #0 - SUBJECT ADDED ENTRY--TOPICAL TERM
Topical term or geographic name as entry element Dolls
General subdivision History
Chronological subdivision 20th century.
650 #0 - SUBJECT ADDED ENTRY--TOPICAL TERM
Topical term or geographic name as entry element Dolls
General subdivision Private collections
Geographic subdivision California.
700 1# - ADDED ENTRY--PERSONAL NAME
Personal name Dennison, Bob.
740 0# - ADDED ENTRY--UNCONTROLLED RELATED/ANALYTICAL TITLE
Uncontrolled related/analytical title Magic and romance of art dolls.
740 0# - ADDED ENTRY--UNCONTROLLED RELATED/ANALYTICAL TITLE
Uncontrolled related/analytical title Art dolls.
942 ## - ADDED ENTRY ELEMENTS (KOHA)
Source of classification or shelving scheme
Koha item type Hard Covered Materials
Holdings
Withdrawn status Lost status Source of classification or shelving scheme Damaged status Not for loan Home library Current library Shelving location Date acquired Source of acquisition Total Checkouts Full call number Barcode Date last seen Price effective from Koha item type
          MACHAKOS UNIVERSITY LIBRARY MACHAKOS UNIVERSITY LIBRARY Open shelf 06/02/2017 Donation(BFA)   NK4892.5 .F37F38 1986 33944 06/02/2017 06/02/2017 Hard Covered Materials
© Machakos University Library, Along The Highway, Machakos Wote Rd, Machakos, Kenya P.O. Box 136 - 90100 Machakos - Kenya

Tel: ( +254 ) 723 805829 OR Fax : 044-20353 OR Email: library@mksu.ac.ke